| 000 | 00000nam 2200000za 4500 |
| 001 | 9.825239 |
| 003 | CaOODSP |
| 005 | 20251103145007 |
| 007 | cr ||||||||||| |
| 008 | 170816t20172015onca o f000 0 ara d |
| 020 | |a978-0-660-06411-6 |
| 040 | |aCaOODSP|bfre |
| 043 | |an-cn--- |
| 086 | 1 |aHP10-23/2015Ara-PDF|zHP10-23/2015Ar-PDF |
| 245 | 01|a[Pourquoi faut-il éviter de donner la fessée? |h[ressource électronique] : |bconseils pour guider le comportement de votre enfant de façon positive]. |
| 250 | |a[Édition arabe]. |
| 260 | |a[Ottawa] : |bAgence de santé publique du Canada : |bMinistère de la Justice Canada, |c[2017], c2015. |
| 300 | |a[2] p. : |bill. en coul. |
| 500 | |aTitre français fournis par l’éditeur. |
| 500 | |aPublié aussi en français sous le titre : Pourquoi faut-il éviter de donner la fessée? Conseils pour guider le comportement de votre enfant de façon positive. |
| 520 | |a « En tant que parent, on peut parfois se sentir frustré du comportement de nos enfants et ne pas savoir quoi faire. Tous les enfants ont besoin d'être guidés pour apprendre à se maîtriser. Guider les enfants de façon positive leur permet d'acquérir des compétences, favorise leur estime de soi et renforce le lien d'attachement parent- enfant. Or, les punitions physiques, ne favorisent pas une discipline positive. Les enfants ont besoin de vivre une relation sécurisante, stable et enrichissante avec leurs parents. Voici des conseils pour vous aider à guider le comportement de votre enfant de façon positive »--Fournis par l’éditeur. |
| 546 | |aTexte en arabe. |
| 692 | 07|2gccst|aArt d'être parent |
| 692 | 07|2gccst|aEnfant |
| 692 | 07|2gccst|aComportement |
| 710 | 1 |aCanada. |bMinistère de la justice. |
| 710 | 2 |aAgence de santé publique du Canada. |
| 775 | 08|tPourquoi faut-il éviter de donner la fessée? |w(CaOODSP)9.677571 |
| 791 | |t[What's wrong with spanking? |eeng|w(CaOODSP)9.824753 |
| 856 | 40|qPDF|s832 Ko|uhttps://publications.gc.ca/collections/collection_2017/aspc-phac/HP10-23-2015-ara.pdf |
| 986 | |a160149 |